Evaluación de la consistencia del diseño geométrico de las carreteras

Spremljeno u:
Bibliografski detalji
Glavni autor: Solano Agüero, Greivin
Format: Knjiga
Izdano: [San José, Costa Rica] 2007
Teme:
Oznake: Dodaj oznaku
Bez oznaka, Budi prvi tko označuje ovaj zapis!

MARC

LEADER 00000nam a2200000Ia 4500
003 009948
005 20221231144107.0
008 140114s2007 cr a 000 ||s d
040 |c cru CEDI  
090 |a TFG 5476 
100 |a Solano Agüero, Greivin   |9 4822 
245 |a  Evaluación de la consistencia del diseño geométrico de las carreteras  
260 |c 2007  |b [San José, Costa Rica] 
300 |a xii, 179 hojas; ilustraciones a color 
500 |a Tesis (licenciatura en ingeniería civil)--Universidad de Costa Rica. Escuela de Ingeniería Civil 
650 |x CARRETERAS   |x  TRAZADO  |x DISEÑO   |x SEGURIDAD VIAL  |x  INVESTIGACIONES  |9 4823 
942 |c TFG 
999 |c 16801  |d 16801